Essentials of modern business statistics / (Record no. 21003)

000 -LEADER
fixed length control field 01427cam a2200349 a 4500
001 - CONTROL NUMBER
control field 16881236
003 - CONTROL NUMBER IDENTIFIER
control field OSt
005 - DATE AND TIME OF LATEST TRANSACTION
control field 20170120160720.0
008 - FIXED-LENGTH DATA ELEMENTS--GENERAL INFORMATION
fixed length control field 110720s2012 at a 000 0 eng
010 ## - LIBRARY OF CONGRESS CONTROL NUMBER
LC control number 2011934829
020 ## - INTERNATIONAL STANDARD BOOK NUMBER
International Standard Book Number 9780840062390
020 ## - INTERNATIONAL STANDARD BOOK NUMBER
International Standard Book Number 9780840062383
020 ## - INTERNATIONAL STANDARD BOOK NUMBER
International Standard Book Number 0840062389
040 ## - CATALOGING SOURCE
Original cataloging agency DLC
Transcribing agency DLC
Modifying agency DLC
042 ## - AUTHENTICATION CODE
Authentication code pcc
050 00 - LIBRARY OF CONGRESS CALL NUMBER
Classification number HF1017 .A53 2012
082 00 - DEWEY DECIMAL CLASSIFICATION NUMBER
Classification number 519.5
Edition number 23
100 1# - MAIN ENTRY--PERSONAL NAME
Personal name Anderson, David R.
Fuller form of name (David Ray),
Dates associated with a name 2012
245 10 - TITLE STATEMENT
Title Essentials of modern business statistics /
Statement of responsibility, etc. David R. Anderson, Dennis J. Sweeney.
250 ## - EDITION STATEMENT
Edition statement 5th Ed.
260 ## - PUBLICATION, DISTRIBUTION, ETC. (IMPRINT)
Place of publication, distribution, etc. Australia ;
-- Mason. Ohio :
Name of publisher, distributor, etc. South-Western / Cengage Learning,
Date of publication, distribution, etc. 2012.
300 ## - PHYSICAL DESCRIPTION
Extent xxviii, 751 p. :
Other physical details col. ill. ;
Dimensions 26 cm.
500 ## - GENERAL NOTE
General note includes index
650 #0 - SUBJECT ADDED ENTRY--TOPICAL TERM
Topical term or geographic name as entry element Commercial statistics.
650 #0 - SUBJECT ADDED ENTRY--TOPICAL TERM
Topical term or geographic name as entry element Commercial statistics
General subdivision Computer programs.
700 1# - ADDED ENTRY--PERSONAL NAME
Personal name Sweeney, Dennis J.
700 1# - ADDED ENTRY--PERSONAL NAME
Personal name Williams, Thomas A.
856 42 - ELECTRONIC LOCATION AND ACCESS
Materials specified Contributor biographical information
Uniform Resource Identifier <a href="http://www.loc.gov/catdir/enhancements/fy1303/2011934829-b.html">http://www.loc.gov/catdir/enhancements/fy1303/2011934829-b.html</a>
856 42 - ELECTRONIC LOCATION AND ACCESS
Materials specified Publisher description
Uniform Resource Identifier <a href="http://www.loc.gov/catdir/enhancements/fy1303/2011934829-d.html">http://www.loc.gov/catdir/enhancements/fy1303/2011934829-d.html</a>
856 41 - ELECTRONIC LOCATION AND ACCESS
Materials specified Table of contents only
Uniform Resource Identifier <a href="http://www.loc.gov/catdir/enhancements/fy1303/2011934829-t.html">http://www.loc.gov/catdir/enhancements/fy1303/2011934829-t.html</a>
906 ## - LOCAL DATA ELEMENT F, LDF (RLIN)
a 7
b cbc
c orignew
d 2
e epcn
f 20
g y-gencatlg
942 ## - ADDED ENTRY ELEMENTS (KOHA)
Source of classification or shelving scheme
Koha item type Hard Covered Materials
Classification part HF1017 .A53 2012
Call number prefix 29805
Holdings
Withdrawn status Lost status Source of classification or shelving scheme Damaged status Not for loan Home library Current library Shelving location Date acquired Source of acquisition Total Checkouts Full call number Barcode Date last seen Price effective from Koha item type
          MACHAKOS UNIVERSITY LIBRARY MACHAKOS UNIVERSITY LIBRARY Technical section 20/01/2017 Donation(BFA)   HF1017 .A53 2012 29805 31/05/2018 20/01/2017 Hard Covered Materials
© Machakos University Library, Along The Highway, Machakos Wote Rd, Machakos, Kenya P.O. Box 136 - 90100 Machakos - Kenya

Tel: ( +254 ) 723 805829 OR Fax : 044-20353 OR Email: library@mksu.ac.ke